Investigation of the O*+ - O*- transitions in *16O(p, p´)*16O and *16O(p, n)*16F reactions at 35≤Ep≤135 MeV (Запись № 8396271)

Подробности
000 -МАРКЕР
контрольное поле 01412nam0a22003011 4500
001 - ИДЕНТИФИКАТОР ЗАПИСИ
контрольное поле RU\INFOCOMM_322\NLR\5000081973
005 - ИДЕНТИФИКАТОР ВЕРСИИ
контрольное поле 20250613102649.0
035 ## - ДРУГИЕ СИСТЕМНЫЕ НОМЕРА
Идентификатор записи (NLR Aleph) 009449432
100 ## - ДАННЫЕ ОБЩЕЙ ОБРАБОТКИ
Данные общей обработки 20121130d1986 |||y0rusy50 ca
101 0# - ЯЗЫК РЕСУРСА
Язык текста, звукозаписи и т.д. английский
Язык резюме русский
102 ## - СТРАНА ПУБЛИКАЦИИ ИЛИ ПРОИЗВОДСТВА
Страна публикации Российская Федерация
105 ## - ПОЛЕ КОДИРОВАННЫХ ДАННЫХ: ТЕКСТОВЫЕ МАТЕРИАЛЫ, МОНОГРАФИЧЕСКИЕ
Кодированные данные о монографическом текстовом документе y z |||||
200 1# - ЗАГЛАВИЕ И СВЕДЕНИЯ ОБ ОТВЕТСТВЕННОСТИ
Основное заглавие Investigation of the O*+ - O*- transitions in *16O(p, p´)*16O and *16O(p, n)*16F reactions at 35≤Ep≤135 MeV
Первые сведения об ответственности F. A. Gareev, M. Gmitro, S. N. Ershov, P. P. Korovin
210 ## - ПУБЛИКАЦИЯ, РАСПРОСТРАНЕНИЕ И ДР.
Место издания, распространения и т.д. Дубна
Имя издателя, распространителя и т. д. Объед. ин-т ядер. исслед.
Дата издания, распространения и т.д. 1986
215 ## - ФИЗИЧЕСКАЯ ХАРАКТЕРИСТИКА
Специфическое обозначение материала и объем 10 с.
Другие сведения о физической характеристике граф.
Размеры 21 см
225 1# - СЕРИЯ
Основное заглавие серии Сообщения Объединенного института ядерных исследований, Дубна
Обозначение тома Е4-86-21
300 ## - ОБЩИЕ ПРИМЕЧАНИЯ
Текст примечания На 3-й с. обл.: Исследование O*+ - O*- переходов в реакциях *16O(p, p´)*16O и *16O(p, n)*16F при 35≤Ep≤135 МэВ / Гареев Ф. А. и др.
300 ## - ОБЩИЕ ПРИМЕЧАНИЯ
Текст примечания Рез. на рус. яз.
320 ## - ПРИМЕЧАНИЯ О НАЛИЧИИ В ДОКУМЕНТЕ БИБЛИОГРАФИИ / УКАЗАТЕЛЯ
Текст примечания Библиогр.: с. 9-10
606 ## - НАИМЕНОВАНИЕ ТЕМЫ КАК ПРЕДМЕТ
Наименование темы Атомное ядро
Тематический подзаголовок Ядерные реакции при малых энергиях
Системный номер авторитетной/нормативной записи 1047620
Идентификатор авторитетной/нормативной записи RU\NLR\AUTH\6686381
686 ## - ИНДЕКСЫ ДРУГИХ КЛАССИФИКАЦИЙ
Индекс В383.54
Код системы
701 #1 - ИМЯ ЛИЦА - АЛЬТЕРНАТИВНАЯ ОТВЕТСТВЕННОСТЬ
Начальный элемент ввода Gareev
Часть имени, кроме начального элемента ввода F. A.
Расширение инициалов личного имени Fangil' Achmatgareevič
801 #1 - ИСТОЧНИК ЗАПИСИ
Страна Российская Федерация
Организация NLR
Дата составления 20121130
801 #0 - ИСТОЧНИК ЗАПИСИ
Страна Российская Федерация
Организация INFOCOMM
Правила каталогизации PSBO
852 ## - МЕСТОНАХОЖДЕНИЕ И ШИФР ХРАНЕНИЯ
Идентификатор организации NLR
Шифр хранения (Call Number) Фз01 Д-4/4160
942 ## - ДОПОЛНИТЕЛЬНЫЕ ЭЛЕМЕНТЫ ЗАПИСИ (АБИС)
Тип экземпляра АБИС Книга
980 ## - КОЛЛЕКЦИЯ
Название коллекции Национальная библиография
Экземпляры
Тип экземпляра Дата поступления Библиотека постоянного хранения Библиотека текущего хранения Место хранения Шифр хранения Штрих-код Статус экземпляра
Книга 26.10.2013 РНБ (Московский) РНБ (Московский) Иностранный книжный фонд Фз01 Д-4/4160 9449432-10